01219cam a2200325 i 450000100090000000300090000900500170001800800410003502000150007602000190009104000380011004300120014808200240016010000610018424500390024526400500028426400100033430000850034433600260042933700280045533800270048350000200051060000590053065100690058965300230065865500170068194200120069899900170071095201660072716538131EG-ScBUE20240701095311.0101115t2010 nyuaf f 001 0deng d a0739377825 a9780739377826  aDLCbengerdacDLCdDLCdEG-ScBUE an-us---04a973.931092222bBUS1 aBush, George W.q(George Walker),d1946-eauthor.92453710aDecision points /cGeorge W. Bush. 1aNew York :bRandom House Large Print,c[2010] 4cc2010 axii, 747 pages, [32] pages of plates : billustrations (chiefly color) ; c25 cm 2rdacontentatextbtxt aunmediated2rdamediabn avolumebnc2rdacarrier aIncludes index.17aBush, George W.q(George Walker),d1946-2BUEsh924538 7aUnited StatesxPolitics and governmenty2001-2009.2BUEsh924539 cJune2011cJune2011 vReading book 2ddccBB c15631d15631 00102ddc40708BaccahaMAINbMAINc2NDd2011-06-19ePurchaseg190.00h12512l13m63o973.931092 BUSp000024258r2025-07-15 00:00:00s2018-12-05w2011-06-19yBB